000 01277nam a22003497a 4500
003 CHAP
005 20220329141305.0
008 971010s1983 r 00010 d
010 _a65864
011 _a66836
035 _a75818
040 _cCHAP
090 _aTesis
100 0 0 _aJolibois Hilaire, Marie-Cecile.
_961952
245 _aEvaluación de prácticas agronómicas en dos variedades de caupi Vigna unguiculata L. Walp en el Distrito de Riego El Cenizo, estado de Trujillo, Venezuela
260 _aChapingo, Méx. :
_bEl autor,
_c1983
300 _a97 h.
_b; láms. ; gráfs. ; mapas
500 _a1992-606
502 _aTesis (Ing. Agr. Esp. en Fitotecnia) -- UACH. Departamento de Fitotecnia
590 _aALEPH
_b10
_c20130110
_lUCH01
_h1359
590 _aBATCH-UPD
_b10
_c20130110
_lUCH01
_h0804
590 _aBATCH-UPD
_b10
_c20130410
_lUCH01
_h0442
590 _aBATCH-UPD
_b10
_c20130914
_lUCH01
_h0928
590 _aCONVERSION
_b10
_c20130109
_lUCH01
_h1336
650 1 4 _aChícharo de vaca.
_922843
901 _aBK
942 _cFOLL
949 _bBC
_cTES
_d-57378
_eTS1
_i75818
_si
949 _bBC
_cTES
_d33724002012819
_eTS2
_fc.2
_i75818
_si
949 _bBC
_cTES
_d33724002013520
_eTS2
_fc.3
_h21756
_i75818
_si
949 _bZA
_cTESBD
_d-8798
_eTS1
_h146
_i75818
_si
999 _c65864
_d65864